Top 100 Baby Girl Names in 2010 (USA) - Statistics

General Stats
  • This quiz has been taken 161 times
  • The average score is 66 of 100
Answer Stats
Hint Answer % Correct
O Olivia
97%
E Emma
96%
I Isabella
96%
S Sofia
94%
S Sophia
94%
A Anna
91%
E Emily
90%
E Elizabeth
88%
A Ava
85%
E Ella
85%
V Victoria
85%
G Grace
84%
H Hannah
84%
M Mia
84%
S Sarah
84%
A Amelia
82%
L Lillian
82%
L Lily
82%
M Madison
82%
C Charlotte
80%
M Maria
80%
M Mariah
80%
S Samantha
80%
S Sophie
80%
Z Zoe
80%
Z Zoey
80%
C Chloe
78%
K Khloe
78%
N Natalie
78%
A Abigail
77%
K Katherine
77%
L Lauren
77%
L Lucy
75%
E Evelyn
74%
H Hailey
74%
J Jessica
73%
E Eva
72%
J Julia
72%
L Leah
72%
A Alexa
71%
A Ariana
70%
A Audrey
70%
B Brianna
70%
B Brooke
70%
A Addison
69%
A Alexandra
69%
A Allison
69%
A Arianna
69%
B Bella
69%
A Avery
68%
M Madeline
68%
M Madelyn
68%
A Alexis
67%
A Ashley
67%
G Gabriella
66%
K Kayla
65%
M Maya
65%
T Taylor
63%
A Aubrey
62%
L Layla
62%
B Brooklyn
61%
F Faith
61%
J Jasmine
61%
P Paige
61%
G Gianna
60%
A Alyssa
59%
P Payton
59%
P Peyton
59%
G Gabrielle
58%
M Molly
58%
N Naomi
58%
C Caroline
57%
K Kylie
57%
N Natalia
57%
R Rachel
56%
S Savannah
56%
C Camila
54%
K Kimberly
54%
A Andrea
53%
C Claire
53%
K Kaitlyn
53%
R Riley
53%
S Stella
53%
M Morgan
52%
A Autumn
51%
K Kaylee
49%
B Bailey
48%
M Mackenzie
46%
M Melanie
45%
A Aaliyah
44%
D Destiny
43%
S Sydney
41%
N Nevaeh
40%
T Trinity
39%
A Angelina
35%
M Makayla
35%
V Valeria
32%
J Jocelyn
31%
G Genesis
28%
S Serenity
24%
No matching quizzes found
Score Distribution
Percent of People with Each Score
Percentile by Number Answered
Your Score History
You have not taken this quiz